Structural adjustment, the environment, and sustainable development / (Record no. 5221)
[ view plain ]
| 000 -LEADER | |
|---|---|
| fixed length control field | 00866nam a22002292 4500 |
| 001 - CONTROL NUMBER | |
| control field | 0000001382 |
| 005 - DATE AND TIME OF LATEST TRANSACTION | |
| control field | 20151217151815.0 |
| 008 - FIXED-LENGTH DATA ELEMENTS--GENERAL INFORMATION | |
| fixed length control field | 070307s xx 000 0 eng d |
| 020 ## - INTERNATIONAL STANDARD BOOK NUMBER | |
| International Standard Book Number | 1853833517 : |
| Terms of availability | USD 16.95 |
| 040 ## - CATALOGING SOURCE | |
| Original cataloging agency | KABU |
| Transcribing agency | KABU |
| 050 #0 - LIBRARY OF CONGRESS CALL NUMBER | |
| Classification number | HC59.7 |
| Item number | .S77 |
| 245 10 - TITLE STATEMENT | |
| Title | Structural adjustment, the environment, and sustainable development / |
| Statement of responsibility, etc. | edited by David Reed. |
| 260 ## - PUBLICATION, DISTRIBUTION, ETC. (IMPRINT) | |
| Place of publication, distribution, etc. | London : |
| Name of publisher, distributor, etc. | Earthscan, |
| Date of publication, distribution, etc. | 1996. |
| 300 ## - PHYSICAL DESCRIPTION | |
| Extent | xxv, 386 p. ; |
| Dimensions | 24 cm. |
| 650 #0 - SUBJECT ADDED ENTRY--TOPICAL TERM | |
| Topical term or geographic name as entry element | Structural adjustment (Economic policy) |
| Geographic subdivision | Developing countries |
| General subdivision | Case studies. |
| -- | 0000150068 |
| 650 #0 - SUBJECT ADDED ENTRY--TOPICAL TERM | |
| Topical term or geographic name as entry element | Environmental policy |
| Geographic subdivision | Developing countries |
| General subdivision | Case studies. |
| -- | 0000150069 |
| 650 #0 - SUBJECT ADDED ENTRY--TOPICAL TERM | |
| Topical term or geographic name as entry element | Sustainable development |
| Geographic subdivision | Developing countries |
| General subdivision | Case studies. |
| -- | 0000150070 |
| 700 1# - ADDED ENTRY--PERSONAL NAME | |
| Personal name | Reed, David. |
| -- | 0000150071 |
| 908 ## - PUT COMMAND PARAMETER (RLIN) | |
| Put command parameter | 070307 |
| 950 ## - LOCAL HOLDINGS (RLIN) | |
| -- | 1 |
| Withdrawn status | Lost status | Source of classification or shelving scheme | Not for loan | Home library | Current library | Date acquired | Total Checkouts | Full call number | Barcode | Date last seen | Date last checked out | Price effective from | Koha item type |
|---|---|---|---|---|---|---|---|---|---|---|---|---|---|
| Library of Congress Classification | Kabarak, Main Campus | Kabarak, Main Campus | 17/12/2015 | 4 | HC59.7 .S77 | 000803 | 02/08/2024 | 14/07/2022 | 17/12/2015 | General Collection |